|
|
|
|
| LEADER |
01068nam a2200229 a 4500 |
| 001 |
11973113 |
| 008 |
091022s1997 bg b 001 0 eng d |
| 999 |
|
|
|c 4797
|d 4797
|
| 010 |
|
|
|a \\\99952773
|
| 040 |
|
|
|a DLC
|c DLC
|d DLC
|
| 082 |
0 |
4 |
|a 342.5492/06/0009
|2 21
|
| 100 |
1 |
|
|a Talukder, S. M. Hassan.
|9 26334
|
| 245 |
1 |
0 |
|a Development of administrative law in Bangladesh :
|b outcomes and prospects /
|c S.M. Hassan Talukder ; foreword by M. Ershadul Bari.
|
| 260 |
|
|
|a Dhaka :
|b The Bangladesh Law Researchers Association :
|b Distributors, Aligarh Library,
|c 1997.
|
| 300 |
|
|
|a xii, 224 pages ;
|c 22 cm.
|
| 500 |
|
|
|a "Opinion by Justice Kemaluddin Hossain."
|
| 504 |
|
|
|a Includes bibliographical references (pages [215]-217]) and index.
|
| 541 |
1 |
|
|e 00017000
|
| 650 |
|
0 |
|a Administrative law
|z Bangladesh
|x History.
|9 26335
|
| 852 |
4 |
|
|a Ayesha Abed Library
|j General shelf
|
| 942 |
|
|
|2 ddc
|c BK
|
| 952 |
|
|
|0 0
|1 0
|2 ddc
|4 0
|6 342_549206000900000_TAL_1997
|7 0
|9 4607
|a BRACUL
|b BRACUL
|c GEN
|d 2009-10-24
|g 190.00
|l 8
|m 71
|o 342.5492060009 TAL
|p 3010017000
|r 2026-02-02
|s 2025-09-24
|t 1
|v 380.00
|w 2009-10-24
|y BK
|